Countries that hosted the Olympics - Statistics

General Stats
  • This quiz has been taken 714 times
    674 since last reset
  • The average score is 21 of 25
Answer Stats
Hint Answer % Correct
Summer: 1904, 1932, 1984, 1996; Winter: 1932, 1960, 1980, 2002 USA
99%
Summer: 1900, 1924; Winter 1924, 1968, 1992 France
96%
Summer: 1936 ; Winter: 1936 German Reich
96%
Summer: 1908. 1948, 2012 UK
96%
Summer: 1964, 2020; Winter: 1972. 1998 Japan
95%
Summer: 1976; Winter: 1988, 2010 Canada
94%
Summer: 2008 China
94%
Winter: 2014 Russia
94%
Summer: 2016 Brazil
92%
Summer: 1960; Winter: 1956, 2006 Italy
92%
Summer: 1956, 2000 Australia
91%
Summer: 1992 Spain
90%
Summer: 1896, 2004 Greece
88%
Summer: 1968 Mexico
88%
Summer: 1912 Sweden
87%
Summer: 1988; Winter: 2018 South Korea
86%
Winter: 1952, 1994 Norway
84%
Summer: 1952 Finland
78%
Summer: 1928 Netherlands
71%
Winter: 1964, 1976 Austria
69%
Winter: 1928, 1948 Switzerland
69%
Summer: 1920 Belgium
68%
Summer: 1980 Soviet Union
65%
Winter: 1984 Yugoslavia
52%
Summer: 1972 West Germany
46%
No matching quizzes found
Score Distribution
Percent of People with Each Score
Percentile by Number Answered
Your Score History
You have not taken this quiz since the last reset